000 00508nam a22001817a 4500
005 20170308125314.0
010 _aENG-117437
020 _a9789351950929
_c350.00
035 _aEN-100969
037 _bDBAD/PUB
082 _aN
100 _aRay arnab
245 _aSultan of Delhi :
_bAscension /
_cby Arnab ray
260 _aGurgaon
_bHachette
_c2016
270 _a4th & 5th Floors, Corporate Centre, Plot No. 94,Sector44,
_bGurgaaon
_e122003
300 _a291p.
_c20cm(hb}
942 _2ddc
_cEN
_hN
_mRAY
999 _c138142
_d138142